000
00265nam a2200109Ia 4500
999
_c
6597
_d
6597
020
_a
978-0071232616
100
_a
David L. Olson
245
0
_a
Introduction to Information Systems Project Management
260
_a
USA
_b
McGraw Hill
_c
2001
300
_a
279
942
_c
BK